<?xml version="1.0" encoding="UTF-8"?>
<collection xmlns="http://www.loc.gov/MARC21/slim">
 <record>
  <leader>01615nam a2200217Ia 4500</leader>
  <controlfield tag="001">CTU_166353</controlfield>
  <controlfield tag="008">210402s9999    xx            000 0 und d</controlfield>
  <datafield tag="082" ind1=" " ind2=" ">
   <subfield code="a">363.61</subfield>
  </datafield>
  <datafield tag="082" ind1=" " ind2=" ">
   <subfield code="b">G973</subfield>
  </datafield>
  <datafield tag="100" ind1=" " ind2=" ">
   <subfield code="a">Gulyani, Sumila</subfield>
  </datafield>
  <datafield tag="245" ind1=" " ind2="0">
   <subfield code="a">Water for the urban poor :</subfield>
  </datafield>
  <datafield tag="245" ind1=" " ind2="0">
   <subfield code="b">Water markets, household demend, and service preferences in Kenya</subfield>
  </datafield>
  <datafield tag="245" ind1=" " ind2="0">
   <subfield code="c">Sumila Gulyani, Debabrata Talukdar, R. Mukami Kariuki</subfield>
  </datafield>
  <datafield tag="260" ind1=" " ind2=" ">
   <subfield code="a">Washington</subfield>
  </datafield>
  <datafield tag="260" ind1=" " ind2=" ">
   <subfield code="b">World Bank</subfield>
  </datafield>
  <datafield tag="260" ind1=" " ind2=" ">
   <subfield code="c">2005</subfield>
  </datafield>
  <datafield tag="520" ind1=" " ind2=" ">
   <subfield code="a">Compared with the non-poor, just how inadequately are the urban poor served by the public utilities and small-scale private water providers? Based on a survey of 674 households, this paper examines current water use and unit costs in three Kenyan cities and also tests the willingness of the unconnected to pay for piped water, yard connections, or an improved water kiosk (standpipe) service. By examining water-use behavior of poor and non-poor households, this study brings into question a long-standing notion in the literature—that the poor are underserved, use small quantities of water, and pay a higher unit price for it. It also indicates that the standard prescription to “price water and create water markets” is in itself insufficient to improve service delivery and that without appropriate institutional arrangements, technical solutions such as water kiosks may not succeed in delivering an affordable service to the poor.</subfield>
  </datafield>
  <datafield tag="650" ind1=" " ind2=" ">
   <subfield code="a">Water supply,Poverty,Cung cấp nước,Nghèo</subfield>
  </datafield>
  <datafield tag="650" ind1=" " ind2=" ">
   <subfield code="z">Kenya</subfield>
  </datafield>
  <datafield tag="904" ind1=" " ind2=" ">
   <subfield code="i">Trọng Hiếu</subfield>
  </datafield>
  <datafield tag="980" ind1=" " ind2=" ">
   <subfield code="a">Trung tâm Học liệu Trường Đại học Cần Thơ</subfield>
  </datafield>
 </record>
</collection>
